000 00379nam a2200157Ia 4500
003 OSt
008 191201s2012 xx 000 0 und d
082 _a658.15
_bHIM
100 _aHIRSCHEY, Mark
245 0 _aManagerial Economics: An Integrative Approach
250 _aRep
260 _aNew Delhi
_bCangage learning
_c2012
300 _a1067
650 _aMBA
942 _2ddc
_cBK
999 _c5308
_d5308